000 01121nac a22003137a 4500
001 BR8101097
003 BR-BrBNA
005 20240105114926.0
008 230509b bl.|||m| |||| 00| 0 por d
040 _aBR-BrBNA
_bpor
_cBiblioteca Nacional de Agricultura
072 _aL10
090 _a5212 BR8101097
100 1 _aFerreira, A. de M.
100 1 _aSa, W.F. de
100 1 _aCarvalho, M.R. de
110 1 _aCentro Nacional de Pesquisa de Gado de Leite, Coronel Pacheco, MG (Brasil)
_91775
245 1 _aCausas de anestro em bovinos da microrregiao de Juiz de Fora - Minas Gerais [Brasil]
246 1 _a[Anoestrus causes in bovine from the microregion of Juiz de Fora - Minas Gerais [Brazil]]
260 3 _aCoronel Pacheco, MG (Brasil):
_c1980.
300 _a6 p.
490 _aBoletim de Pesquisa - Centro Nacional de Pesquisa de Gado de Leite (Brazil)
_vno. 2
_x
650 _aMelhoramento genetico animal
650 _aBovino
650 _aFisiologia reprodutiva
650 _aCiclo estral
650 _aMinas Gerais
909 _a202312
_bLúcia Elande
_c55
_dLúcia Elande
942 _2AGRIS
_n0
_cMS
999 _c272077
_d272077